[Event "IECG WC.1999.F.00001 email"]
[Site "IECG email"]
[Date "1999.??.??"]
[Round "?"]
[White "Arnold, Jens"]
[Black "Jaluvka, Josef"]
[Result "1-0"]
[WhiteElo "2079"]
[BlackElo "2238"]
[PlyCount "77"]
[EventDate "1999.08.05"]
[EventType "tourn (corr)"]
[EventRounds "12"]
[SourceTitle "Corr 2008"]
[Source "ChessBase"]
[SourceDate "2008.06.24"]
[SourceVersion "1"]
[SourceVersionDate "2008.06.24"]
[SourceQuality "1"]

1. e4 e5 2. f4 exf4 3. Nf3 d5 4. exd5 Nf6 5. Bc4 Nxd5 6. Bxd5 Qxd5 7. 0-0 Bd6 8. Nc3 Qf5 9. Qe2+ Be6 10. Qb5+ Qxb5 11. Nxb5 Na6 12. Nxd6+ cxd6 13. d4 Nb4 14. Bxf4 Kd7 15. c3 Nd3 16. Bg3 Nxb2 17. Ng5 Bc4 18. Rfb1 Na4 19. Rxb7+ Kc6 20. Rb4 Nb6 21. Ne4 Rad8 22. Nd2 d5 23. Nb3 Rc8 24. Na5+ Kd7 25. a4 Rhe8 26. Nb7 Rc6 27. a5 Nc8 28. Nc5+ Kd8 29. Rb7 Re7 30. Re1 Rxe1+ 31. Bxe1 Ke8 32. g4 Rg6 33. Rc7 Rxg4+ 34. Bg3 Nd6 35. Rxa7 Nf5 36. Kf2 Nxg3 37. hxg3 Rg6 38. a6 Rb6 39. Ke3 1-0

[Event "IECG WC.1999.F.00001 email"]
[Site "IECG email"]
[Date "1999.??.??"]
[Round "?"]
[White "Belanoff, Stuart B"]
[Black "Jaluvka, Josef"]
[Result "1/2-1/2"]
[WhiteElo "2213"]
[BlackElo "2238"]
[PlyCount "95"]
[EventDate "1999.08.05"]
[EventType "tourn (corr)"]
[EventRounds "12"]
[SourceTitle "Corr 2008"]
[Source "ChessBase"]
[SourceDate "2008.06.24"]
[SourceVersion "1"]
[SourceVersionDate "2008.06.24"]
[SourceQuality "1"]

1. e4 e5 2. Nc3 Nf6 3. Bc4 Nxe4 4. Qh5 Nd6 5. Bb3 Be7 6. Nf3 Nc6 7. Nxe5 g6 8. Nxc6 dxc6 9. Qf3 0-0 10. 0-0 Nf5 11. d3 Nd4 12. Qg3 Bf5 13. Re1 Bd6 14. Bf4 a5 15. Bxd6 Qxd6 16. Qe3 b5 17. Ne4 Bxe4 18. dxe4 a4 19. Rad1 c5 20. Bxf7+ Rxf7 21. c3 Rd8 22. e5 Qb6 23. cxd4 cxd4 24. Qh3 c5 25. Qh4 Re8 26. Qe4 Qe6 27. Qd3 Qc4 28. Qf1 Rf5 29. f4 Qxf1+ 30. Rxf1 g5 31. g3 gxf4 32. gxf4 Ref8 33. b4 axb3 34. axb3 Rxf4 35. Rxf4 Rxf4 36. Rc1 d3 37. Rxc5 Rd4 38. Rc1 d2 39. Rd1 Kf7 40. Kf2 Rd3 41. Ke2 Rxb3 42. Rxd2 Rh3 43. Rd7+ Ke6 44. Rb7 Rxh2+ 45. Ke3 Rh3+ 46. Ke2 Rb3 47. Rxh7 Kxe5 48. Kd2 1/2-1/2

[Event "IECG WC.1999.F.00001 email"]
[Site "IECG email"]
[Date "1999.??.??"]
[Round "?"]
[White "Braakhuis, Wilfried FR"]
[Black "Jaluvka, Josef"]
[Result "1-0"]
[WhiteElo "2325"]
[BlackElo "2238"]
[PlyCount "99"]
[EventDate "1999.08.05"]
[EventType "tourn (corr)"]
[EventRounds "12"]
[SourceTitle "Corr 2008"]
[Source "ChessBase"]
[SourceDate "2008.06.24"]
[SourceVersion "1"]
[SourceVersionDate "2008.06.24"]
[SourceQuality "1"]

1. d4 Nf6 2. Bg5 Ne4 3. Bf4 c5 4. d5 Qb6 5. Bc1 e5 6. f3 Nf6 7. e4 d6 8. c4 Be7 9. Nc3 Na6 10. Bd3 Bd7 11. Nge2 Nb4 12. Bb1 h5 13. a3 Na6 14. Bd3 h4 15. Be3 h3 16. g3 Qd8 17. Qd2 Nc7 18. b4 b6 19. bxc5 bxc5 20. Rb1 Bc8 21. 0-0 Ba6 22. a4 Nd7 23. a5 Rb8 24. Rxb8 Nxb8 25. Nb5 Nxb5 26. cxb5 Bc8 27. Ra1 Bb7 28. Kh1 f5 29. Nc3 fxe4 30. fxe4 0-0 31. Nd1 Nd7 32. Nf2 Nf6 33. Nxh3 c4 34. Bc2 Qd7 35. Nf2 Qxb5 36. Bxa7 Bd8 37. h3 Nh5 38. Kg2 Qd7 39. Qe3 Ba6 40. Bb6 Be7 41. Ba4 Bb5 42. Bd1 Nf6 43. Qc3 Ba6 44. Ba4 Qc8 45. Rb1 Nd7 46. Bc6 Nb8 47. Bb5 Nd7 48. Ng4 Nf6 49. Nxf6+ Bxf6 50. Rb4 1-0

[Event "IECG WC.1999.F.00001 email"]
[Site "IECG email"]
[Date "1999.??.??"]
[Round "?"]
[White "Jaluvka, Josef"]
[Black "Duriez, Jean Luc"]
[Result "1/2-1/2"]
[WhiteElo "2238"]
[BlackElo "2250"]
[PlyCount "45"]
[EventDate "1999.08.05"]
[EventType "tourn (corr)"]
[EventRounds "12"]
[SourceTitle "Corr 2008"]
[Source "ChessBase"]
[SourceDate "2008.06.24"]
[SourceVersion "1"]
[SourceVersionDate "2008.06.24"]
[SourceQuality "1"]

1. d4 Nf6 2. Nf3 d5 3. Bf4 c5 4. e3 Nc6 5. c3 Qb6 6. Qb3 c4 7. Qc2 Bf5 8. Qc1 e6 9. h3 h6 10. Nbd2 Qd8 11. Be2 b5 12. Ne5 Nxe5 13. dxe5 Ne4 14. Nxe4 Bxe4 15. 0-0 Be7 16. a4 bxa4 17. Rxa4 0-0 18. f3 Bg6 19. e4 Qb6+ 20. Kh1 Rfb8 21. exd5 exd5 22. Ra2 Bc5 23. Rd1 1/2-1/2

[Event "IECG WC.1999.F.00001 email"]
[Site "IECG email"]
[Date "1999.??.??"]
[Round "?"]
[White "Jaluvka, Josef"]
[Black "Rust, Keith"]
[Result "0-1"]
[WhiteElo "2238"]
[BlackElo "2275"]
[PlyCount "86"]
[EventDate "1999.08.05"]
[EventType "tourn (corr)"]
[EventRounds "12"]
[SourceTitle "Corr 2008"]
[Source "ChessBase"]
[SourceDate "2008.06.24"]
[SourceVersion "1"]
[SourceVersionDate "2008.06.24"]
[SourceQuality "1"]

1. d4 Nf6 2. Nf3 g6 3. Bf4 Bg7 4. Nc3 d5 5. Qd2 Ne4 6. Nxe4 dxe4 7. Ne5 Be6 8. e3 Nd7 9. Nc4 0-0 10. d5 Bf5 11. Be2 Nb6 12. 0-0-0 Nxc4 13. Bxc4 c5 14. f3 Qb6 15. c3 Qa5 16. g4 Bd7 17. d6 e5 18. Bg5 exf3 19. Be7 Rfe8 20. Rhf1 Bc6 21. d7 Rxe7 22. d8Q+ Qxd8 23. Qxd8+ Rxd8 24. Rxd8+ Bf8 25. Bd5 Bxd5 26. Rxd5 e4 27. Kd2 f6 28. Ke1 Rf7 29. Kf2 Kg7 30. Rfd1 f5 31. Rd7 Be7 32. gxf5 gxf5 33. R1d5 Kf6 34. Kf1 Ke6 35. c4 f4 36. exf4 Rxf4 37. Rxb7 Bf6 38. Rb8 Bd4 39. Re8+ Kf7 40. Ra8 e3 41. Rxa7+ Kg6 42. Ra6+ Rf6 43. Rxf6+ Bxf6 0-1

[Event "IECG CM.1998.0.00050"]
[Site "IECG email"]
[Date "1998.??.??"]
[Round "?"]
[White "Dikmen, Ali Semih"]
[Black "Jaluvka, Josef"]
[Result "1/2-1/2"]
[WhiteElo "2207"]
[BlackElo "2213"]
[PlyCount "96"]
[EventDate "1998.06.12"]
[EventType "tourn (corr)"]
[EventRounds "6"]
[SourceTitle "Corr 2008"]
[Source "ChessBase"]
[SourceDate "2008.06.24"]
[SourceVersion "1"]
[SourceVersionDate "2008.06.24"]
[SourceQuality "1"]

1. d4 Nf6 2. c4 c5 3. d5 e5 4. Nc3 d6 5. e4 Be7 6. h3 Nbd7 7. Nf3 Nf8 8. a3 a5 9. Bd3 Ng6 10. 0-0 0-0 11. Nh2 Bd7 12. b3 Rb8 13. Be3 Ne8 14. Qh5 Nc7 15. Rab1 b5 16. cxb5 Nxb5 17. Nxb5 Bxb5 18. Bxb5 Rxb5 19. Nf3 Qd7 20. Nd2 a4 21. bxa4 Rxb1 22. Rxb1 Qxa4 23. Rb3 Ra8 24. Qe2 Kf8 25. Qd3 Bd8 26. Rb7 Ra7 27. Rxa7 Qxa7 28. Qb5 Ke7 29. Nc4 Bc7 30. a4 Qb8 31. Qxb8 Bxb8 32. Kf1 Kd7 33. a5 Ne7 34. Ke2 Nc8 35. f4 f6 36. f5 Kc7 37. g4 Kb7 38. h4 Bc7 39. g5 Ne7 40. h5 Ng8 41. g6 h6 42. Kd3 Ka6 43. Bd2 Ne7 44. Kc2 Nc8 45. Kb3 Ne7 46. Ka4 Nc8 47. Na3 Ne7 48. Nb5 Bb8 1/2-1/2

[Event "IECG CP.1997.S.00006"]
[Site "IECG email"]
[Date "1998.??.??"]
[Round "?"]
[White "Jaluvka, Josef"]
[Black "Lehnberger, Karl"]
[Result "1-0"]
[WhiteElo "2239"]
[BlackElo "1933"]
[PlyCount "73"]
[EventDate "1998.11.20"]
[EventType "tourn (corr)"]
[EventRounds "10"]
[SourceTitle "Corr 2008"]
[Source "ChessBase"]
[SourceDate "2008.06.24"]
[SourceVersion "1"]
[SourceVersionDate "2008.06.24"]
[SourceQuality "1"]

1. d4 Nf6 2. Nf3 g6 3. Bf4 Bg7 4. Nc3 d6 5. Qd2 h6 6. h3 Bf5 7. g4 Ne4 8. Qc1 Nxc3 9. gxf5 Nd5 10. fxg6 fxg6 11. Rg1 Nxf4 12. Qxf4 g5 13. Qe4 Nc6 14. Qg6+ Kf8 15. Rxg5 Bf6 16. Rg4 Qe8 17. Nh4 Qf7 18. e3 h5 19. Rf4 Rg8 20. Qh6+ Ke8 21. c3 Kd7 22. Kd2 Rh8 23. Qg6 Qxg6 24. Nxg6 Rh6 25. Bd3 Bg5 26. Rf3 Bf6 27. Rg1 Nd8 28. Nf8+ Kc6 29. Rg6 Rxg6 30. Bxg6 Nf7 31. d5+ Kb5 32. Ne6 Ne5 33. Nxc7+ Ka5 34. b4+ Ka4 35. Bc2+ Ka3 36. Rxf6 exf6 37. Nxa8 1-0

[Event "IECG CP.1997.S.00006"]
[Site "IECG email"]
[Date "1998.??.??"]
[Round "?"]
[White "Jaluvka, Josef"]
[Black "Otto, Jeffrey M"]
[Result "1-0"]
[WhiteElo "2239"]
[BlackElo "1830"]
[PlyCount "125"]
[EventDate "1998.11.20"]
[EventType "tourn (corr)"]
[EventRounds "10"]
[SourceTitle "Corr 2008"]
[Source "ChessBase"]
[SourceDate "2008.06.24"]
[SourceVersion "1"]
[SourceVersionDate "2008.06.24"]
[SourceQuality "1"]

1. d4 Nf6 2. Nf3 g6 3. Bf4 Bg7 4. Nc3 0-0 5. Qd2 c5 6. dxc5 Qa5 7. e4 Qxc5 8. e5 Ne8 9. 0-0-0 d6 10. Be3 Qa5 11. Nd5 Qxa2 12. Nxe7+ Kh8 13. Qb4 Na6 14. Bxa6 Qxa6 15. Ng5 h6 16. exd6 Qa1+ 17. Kd2 Qxb2 18. Qxb2 Bxb2 19. Ne4 Bf5 20. Bxh6 Bg7 21. Bxg7+ Kxg7 22. Nxf5+ gxf5 23. Ng3 Nxd6 24. Kc1 Ne4 25. Nxf5+ Kg6 26. Ne7+ Kg7 27. Rd4 Nf6 28. Nf5+ Kg6 29. Nd6 Rfd8 30. Rhd1 Rd7 31. f3 a5 32. R1d3 a4 33. Kb2 Rc7 34. Rd2 Ra6 35. Nb5 Rc5 36. c4 Rac6 37. Nd6 Ra5 38. Ka3 Rb6 39. Nb5 Rc6 40. Re2 Rb6 41. h4 Kg7 42. Re5 Raa6 43. Rd8 Nh7 44. Rb8 Rc6 45. c5 b6 46. cxb6 Rcxb6 47. Rxb6 Rxb6 48. Kxa4 Nf8 49. h5 Rf6 50. Kb3 Ne6 51. Kc3 Rf4 52. Kd3 Kf6 53. Rd5 Rh4 54. Ke3 Nf4 55. Rd6+ Ne6 56. g4 Ke5 57. Ra6 f5 58. Rxe6+ Kxe6 59. Nd4+ Ke5 60. Nxf5 Rh3 61. Nd4 Rh4 62. Ne2 Rh3 63. Nf4 1-0

[Event "IECG CP.1995.F.00001"]
[Site "IECG email"]
[Date "1997.??.??"]
[Round "?"]
[White "Jaluvka, Josef"]
[Black "Cody, Philip C"]
[Result "1-0"]
[WhiteElo "2096"]
[BlackElo "2195"]
[PlyCount "143"]
[EventDate "1997.09.01"]
[EventType "tourn (corr)"]
[EventRounds "8"]
[SourceTitle "Corr 2008"]
[Source "ChessBase"]
[SourceDate "2008.06.24"]
[SourceVersion "1"]
[SourceVersionDate "2008.06.24"]
[SourceQuality "1"]

1. d4 Nf6 2. Nf3 d5 3. Bf4 c5 4. e3 e6 5. c3 Nc6 6. Nbd2 Bd6 7. Bg3 b6 8. Bd3 0-0 9. Ne5 Bb7 10. f4 Ne7 11. Qf3 Nf5 12. Bf2 Qc7 13. g4 Ne7 14. h4 Nd7 15. g5 cxd4 16. exd4 Nf5 17. Qg4 f6 18. Nxd7 Qxd7 19. 0-0-0 b5 20. Rhe1 fxg5 21. fxg5 b4 22. c4 dxc4 23. Nxc4 Bd5 24. Kb1 Rac8 25. b3 Qc6 26. Be4 Bb8 27. Rc1 Ne7 28. Nd2 Qa6 29. Rxc8 Qxc8 30. Qe2 Qc6 31. Bd3 Qc3 32. Be3 Qc8 33. Rc1 Qb7 34. Qg4 Nf5 35. Bg1 Ng3 36. Bh2 Nf5 37. Be5 Bxe5 38. dxe5 Qb8 39. Re1 Qb6 40. Nc4 Qc5 41. Rf1 g6 42. h5 gxh5 43. Qxh5 Bxc4 44. Bxc4 Qxe5 45. g6 Qe4+ 46. Ka1 h6 47. Rd1 a5 48. Qh2 Kg7 49. Qc7+ Kxg6 50. Qc5 Re8 51. Bd3 Qd5 52. Bxf5+ Qxf5 53. Rg1+ Kf7 54. Qc7+ Re7 55. Qb8 Qd3 56. Qg8+ Kf6 57. Qh8+ Kf5 58. Qf8+ Ke5 59. Qb8+ Kf5 60. Qf8+ Ke5 61. Re1+ Kd6 62. Qd8+ Rd7 63. Qb6+ Ke7 64. Qxe6+ Kd8 65. Qb6+ Rc7 66. Rc1 Qd7 67. Rg1 Qd5 68. Qb8+ Rc8 69. Qf4 Qe6 70. Qd4+ Kc7 71. Qa7+ Kd8 72. Qh7 1-0